000 01466nam0a22003251 4500
001 rc\4831995
005 20250612230319.0
021 _aRU
_b[67-18901]
035 _a(NLR Aleph) 008888941
090 _a8629903
_c8629903
100 _a20130426d1967 |||y0rusy50 ca
101 0 _arus
102 _aRU
105 _aa z |||||
200 1 _aТехнология синтетических смол, пластических масс и изделий из них
_e[Учеб. пособие для проф.-техн. училищ]
210 _aМосква
_cВысш. школа
_d1967
215 _a411 с.
_cил.
_d21
300 _aНа пер. авт. не указаны
320 _aБиблиогр.: с. 405
606 _aПластмассовые изделия
_xПроизводство
_jУчебники и пособия
_2psbo
606 _aСмолы синтетические
_xПроизводство
_jУчебники и пособия
_2psbo
606 _aПластмассы
_xПроизводство
_jУчебники и пособия
_2psbo
700 1 _aТатевосьян
_bГ.О.
_gГеоргий Ованесович
701 1 _7ca
_8rus
_aКузнецова
_bИ. Б.
_cинженер-технолог, пластмассы
_gИрина Борисовна
_9142493
_3RU\NLR\AUTH\770142529
801 0 _aRU
_bNLR
_gpsbo
801 1 _aRU
_bELAR
_2rusmarc
852 _aNLR
_j67-5/1479
942 _cBOOK
980 _aNB